A study on the day-of-the-week effect, Chinese-new-year effect and Umno-general-assembly effect on the performance of Bursa Malaysia /
Saved in:
| Main Author: | |
|---|---|
| Format: | Thesis Book |
| Language: | English |
| Published: |
2008.
|
| Subjects: | |
| Online Access: | http://dspace.fsktm.um.edu.my/handle/1812/723 |
| Tags: |
Add Tag
No Tags, Be the first to tag this record!
|
| LEADER | 01337cam a2200301 a 4500 | ||
|---|---|---|---|
| 001 | u767659 | ||
| 003 | SIRSI | ||
| 005 | 200903251323 | ||
| 008 | 090325s2008 my t 000 0 eng m | ||
| 040 | |a UMK |d UMM | ||
| 098 | |a HF1008 |b UM 2008 Katmt | ||
| 100 | 0 | |a Katherina Mohd Tahir. | |
| 245 | 1 | 2 | |a A study on the day-of-the-week effect, Chinese-new-year effect and Umno-general-assembly effect on the performance of Bursa Malaysia / |c Katherina Mohd Tahir. |
| 260 | |c 2008. | ||
| 300 | |a viii, 127 leaves : |b ill. ; |c 30 cm. | ||
| 502 | |a Dissertation (M.B.A.) -- Jabatan Kewangan dan Perbankan, Fakulti Perniagaan dan Perakaunan, Universiti Malaya, 2008. | ||
| 504 | |a Bibliography: leaves 69-76. | ||
| 650 | 0 | |a Stocks |x Prices |z Malaysia. | |
| 650 | 0 | |a Stock exchanges |z Malaysia. | |
| 650 | 0 | |a Stocks |z Malaysia |x Rate of return. | |
| 650 | 0 | |a Securities |x Seasonal variations |z Malaysia. | |
| 710 | 2 | |a Universiti Malaya. |b Jabatan Kewangan dan Perbankan. | |
| 856 | 4 | 1 | |u http://dspace.fsktm.um.edu.my/handle/1812/723 |
| 900 | |a ZSA-ZA | ||
| 902 | |a 090-in process - 2 copy. | ||
| 596 | |a 1 19 | ||
| 999 | |a HF1008 UM 2008 KATMT |w LC |c 1 |i A513449281 |d 7/11/2009 |f 7/11/2009 |g 1 |l STACKS |m P19KOTA |r Y |s Y |t TESIS |u 7/11/2009 | ||
| 999 | |a HF1008 UM 2008 KATMT |w LC |c 1 |i A513449278 |d 5/6/2011 |e 5/6/2011 |f 28/1/2010 |g 1 |l STACKS |m P01UTAMA |n 1 |r Y |s Y |t TESIS |u 27/1/2010 | ||
